Naturaleza salvífica de la Iglesia / (Record no. 186049)

MARC details
000 -LEADER
campo de control de longitud fija 00794nam a2200217 i 4500
001 - NÚMERO DE CONTROL
campo de control 186049
003 - IDENTIFICADOR DE NÚMERO DE CONTROL
campo de control ES-MaACL
005 - FECHA Y HORA DE LA ÚLTIMA TRANSACCIÓN
campo de control 20230906222554.0
008 - DATOS DE LONGITUD FIJA--INFORMACIÓN GENERAL
campo de control de longitud fija 160906s1965 sp |||| | spa d
245 00 - MENCIÓN DEL TÍTULO
Título Naturaleza salvífica de la Iglesia /
Mención de responsabilidad, etc. [autores, Card. J.B. Montini y otros.] ; traducción, revisión, sistematización y publicación a cargo de ISPA.
260 ## - PUBLICACIÓN, DISTRIBUCIÓN, ETC.
Lugar de publicación, distribución, etc. Barcelona :
Nombre del editor, distribuidor, etc. Estela,
Fecha de publicación, distribución, etc. 1965.
300 ## - DESCRIPCIÓN FÍSICA
Extensión 94 p. ;
Dimensiones 23 cm.
490 1# - MENCIÓN DE SERIE
Mención de serie Colección DO-C ;
Designación de volumen o secuencia 4
611 04 - PUNTO DE ACCESO ADICIONAL DE MATERIA--NOMBRE DE REUNIÓN/CONGRESO
Nombre de congreso/reunión o jurisdicción como elemento de entrada Concilio Vaticano (
Número del congreso/reunión o número de parte o sección 2º.
Fecha del congreso o de la firma del tratado 1962-1965)
9 (RLIN) 122
650 04 - PUNTO DE ACCESO ADICIONAL DE MATERIA--TÉRMINO DE MATERIA
Término de materia o nombre geográfico como elemento de entrada Iglesia.
9 (RLIN) 13549
700 1# - ENTRADA AGREGADA--NOMBRE PERSONAL
Nombre de persona Pablo
Numeración VI,
Títulos y otros términos asociados al nombre Papa, Santo.
9 (RLIN) 168351
710 0# - ENTRADA AGREGADA--NOMBRE DE ENTIDAD CORPORATIVA
Nombre de entidad corporativa o nombre de jurisdicción como elemento de entrada Instituto de Sociología y Pastoral Aplicadas (Barcelona)
9 (RLIN) 5011
830 0# - PUNTO DE ACCESO ADICIONAL DE SERIE-TÍTULO UNIFORME
Título uniforme Colección DO-C ;
Designación de volumen o secuencia 4
9 (RLIN) 192471
852 ## - LOCALIZACIÓN
Ubicación ES-MaACL
Número de control de estantería E-4738
Holdings
Estatus retirado Estado de pérdida Estado de daño No para préstamo Biblioteca de origen Biblioteca actual Ubicación en estantería Fecha de adquisición Fuente de adquisición Total de préstamos Signatura topográfica completa Código de barras Visto por última vez Precio de reemplazo Tipo de ítem Koha
        Biblioteca del Ateneo de Madrid Biblioteca del Ateneo de Madrid Depósito 2 06/09/2016     E-4738 1196144 23/02/2023 23/02/2023 Libro impreso